000 01403 a2200265 4500
001 44920
005 20260407155724.0
008 260407a2014 arg spa d
003 AR-UNSa-BCEJYS
040 _aAR-UNSa-BCEJYS
_bspa
_cAR-UNSa-BCEJYS
080 _a331.5
_xMercado de Trabajo. Empleo
245 1 0 _aInformalidad laboral en Argentina
_psegmentos críticos y políticas para la formalización
020 _a978-92-2-328288-2
250 _a2a. ed.
264 1 _aBuenos Aires :
_bOIT
_c2014
300 _a155 p.
_c25 cm.
505 _a1. Introducción - 2. El empleo informal: Concepto, fuentes de información y una aproximación a su extensión en Argentina - 3. Evolución del empleo asalariado no registrado durante el periodo 2003-2012 - 4. Estructura de ingresos de los asalariados no registrados - 5. Segmentos del mercado de trabajo de elevada informalidad - 6. Estrategias y políticas para la formalización y la extensión de la cobertura de la protección social a familias en la economía informal - 7. Reflexiones finales y desafíos para reducir la informalidad laboral -
041 _aspa
942 _cBK
590 _aniveau_biblio:m niveau_hierar:0
100 1 _aCasanova, Luis
700 1 _aBertranou, Fabio M.
700 1 _aOficina Internacional del Trabajo
856 4 1 _uhttps://www.biblioeco.unsa.edu.ar/pmb/images/libros/L127043.jpg
_yImagen de portada
_qimage/jpeg
999 _c3859
_d3859